Statistics for Detroit Red Wings Captains

Click here to take the quiz!

General Stats

  • This quiz has been taken 19 times
  • The average score is 8 of 41

Answer Stats

Years Answer % Correct
1987-06Steve Yzerman
89%
1959-62Gordie Howe
89%
2013-18Henrik Zetterberg
83%
1942Syd Howe
83%
1953-56Ted Lindsay
67%
2007-12Nicholas Lindstrom
61%
1963-74Alex Delvecchio
61%
1943Sid Abel
39%
1957-58Red Kelly
33%
1974Mickey Redmond
28%
1982-86Danny Gare
22%
1975Marcel Dionne
22%
1981-82Reed Larson
17%
1974Nick Libett
11%
1934Herbie Lewis
11%
1974Gary Bergman
11%
1981Errol Thompson
6%
1976-77Danny Grant
6%
1944Mud Bruneteau
6%
1976Terry Harper
6%
1979Paul Woods
6%
1971Red Berenson
6%
1933Larry Aurie
6%
1935Ebbie Goodfellow
6%
1980Dale McCourt
6%
1987Mel Bridgman
0%
1932Carson Cooper
0%
1931George Hay
0%
1944-46Flash Hollett
0%
1978-79Dennis Hextall
0%
1978Dan Maloney
0%
1977Dennis Polonich
0%
1974Larry Johnston
0%
1928-30Reg Noble
0%
1974Ted Harris
0%
1936-38Doug Young
0%
1927Art Duncan
0%

Score Distribution

Percentile by Number Answered

Percent of People with Each Score

Your Score History

You have not taken this quiz